00578nam a2200157 a 450000100100000000500170001000800410002702000180006804000250008624500980011124600270020926000260023630000360026295201050029899900170040300004058020201002034228.0130902s2011 cu 000 0 spa d a9780955045943 aDO-SdBNPbspacBNPHU00aCuba, arte contemporáneo =bCuba, contemporary art /ctextos, Sandra Sosa, Darys Vázquez.13aCuba, contemporary art aCuba :bCEIBA,c2011. a285 p. :bil., retrs. ;c28 cm. 001050718MOaGRbGRcCTd2013-09-02iLF1l0o p40580-10r2020-06-25w2020-06-25y1ZNo se presta c40070d40070